| 000 | 00687nam a22002177a 4500 | ||
|---|---|---|---|
| 003 | SISC | ||
| 005 | 20160406134517.0 | ||
| 008 | 130904t xxu||||| |||| 00| 0 eng d | ||
| 020 | _a97105453 | ||
| 050 |
_aHC 79.E5 _b.So714 1995 |
||
| 082 |
_aHS 338.91 _bSo6 1995 |
||
| 100 |
_aSoriano, Luz Emmanuel _916456 |
||
| 245 |
_aSustainable development : _ba Philippine perspective / _cLuz Emmanuel Soriano. |
||
| 260 |
_aQuezon City : _bPhoenix Pub., _cc1995. |
||
| 300 |
_a298 p. : _bill. ; _c26 cm. |
||
| 650 |
_aTechnical assistance ,Philippine. _916457 |
||
| 650 |
_aModernization. _916458 |
||
| 650 |
_aPhilippines _xEconomic policy. _916459 |
||
| 942 |
_2lcc _cBK |
||
| 999 |
_c10324 _d10324 |
||